00249nam a2200109Ia 4500008004100000020001800041082001500059100001600074245003000090260001000120500000900130260604s9999 xx 000 0 und d a9780143459392 a613.70 KAP aJuhi kapoor 0a21 Habits to Yogic Living bEBURY aYoga